LEADER 01299nam2-2200397---450- 001 990003548240203316 005 20110707142558.0 010 $a88-8101-246-4 035 $a000354824 035 $aUSA01000354824 035 $a(ALEPH)000354824USA01 035 $a000354824 100 $a20110707d2005----km-y0itay50------ba 101 $aita 102 $aIT 105 $a||||||||001yy 200 1 $a<<3:>> Linee di teorizzazione etica e pedagogica dal Novecento ad oggi$fFrancesca Caputo$gpresentazione di Michele Borrelli 210 $aCosenza$cPellegrini$d2005 215 $a343 p.$d21 cm 225 2 $aScienza pedagogica$iPedagogia teoretica e pratica$v12 410 0$12001$aScienza pedagogica$iPedagogia teoretica e pratica$v12 454 1$12001 461 1$1001000354821$12001 606 0 $aPedagogia$2BNCF 676 $a370.9 700 1$aCAPUTO,$bFrancesca$f<1971- >$0610269 702 1$aBORRELLI,$bMichele 801 0$aIT$bsalbc$gISBD 912 $a990003548240203316 951 $aII.4. 3972 3$b232056 L.M.$cII.4.$d00297872 959 $aBK 969 $aUMA 979 $aMARTUCCIEL$b90$c20110707$lUSA01$h1425 979 $aMARTUCCIEL$b90$c20110707$lUSA01$h1425 996 $aLinee di teorizzazione etica e pedagogica dal Novecento ad oggi$91116796 997 $aUNISA LEADER 09109nam 22012493 450 001 9910795103903321 005 20230730082551.0 010 $a1-68420-069-5 010 $a1-63853-646-5 024 7 $a10.1055/b-006-161160 035 $a(MiAaPQ)EBC6804739 035 $a(Au-PeEL)EBL6804739 035 $a(CKB)19414362400041 035 $a1289940677 035 $a10.1055-b-006-161160 035 $a(DE-2912)101055b006161160} 035 $a(DE-2912)101055b006161160 035 $a(EXLCZ)9919414362400041 100 $a20211118d2021 uy 0 101 0 $aeng 135 $aurcnu|||||||| 181 $ctxt$2rdacontent 182 $cc$2rdamedia 183 $acr$2rdacarrier 200 10$aVascular Challenges in Skull Base Surgery /$fby: Gardner, Paul A., Snyderman, Carl H., Jankowitz, Brian T. 205 $a1. Edition. 210 1$aNEW YORK :$cThieme Medical Publishers, Incorporated,$d2021. 210 4$d©2021. 215 $a1 online resource (244 pages) 311 08$aPrint version: Gardner, Paul A. Vascular Challenges in Skull Base Surgery NEW YORK : Thieme Medical Publishers, Incorporated,c2021 9781684200689 330 $aThe essential multidisciplinary guide for the prevention and management of vascular injury from master skull base surgeons Vascular injury is the most significant source of morbidity or mortality during skull base surgery, regardless of the surgical approach. While skull base approaches always placed arteries and veins at risk, newer endoscopic endonasal approaches have introduced new challenges for the prevention and management of vascular injury. Greater anatomic knowledge, additional surgical options, improved instrumentation, advances in interventional neuroradiology, and enhanced training all contribute to successful outcomes. Vascular Challenges in Skull Base Surgery by renowned skull base experts Paul Gardner, Carl Snyderman, Brian Jankowitz, and distinguished contributors, fills a gap in the literature, with invaluable guidance on managing rare but potentially catastrophic surgical complications. The full range of surgical approaches to the anterior, middle, and posterior cranial fossae are covered in 22 chapters. Diverse topics encompass open and endoscopic endonasal surgical approaches, endovascular techniques including balloon test occlusion and embolization, and standard and alternative bypass procedures. The last three chapters discuss venous considerations, neurophysiologic monitoring, and the role of training and simulation in vascular injury prevention. Key learning points, illustrated discussion of relevant anatomy, and tips and tricks are targeted at helping skull base surgeons leverage practical strategies to improve patient outcomes. Key Highlights An impressive group of expert, highly-experienced surgeons share firsthand knowledge Insightful analyses of root causes and clinical pearls provide indispensable prevention tactics High-quality images and videos enhance visual understanding of surgical anatomy and techniques 330 8 $aTrainees and practicing skull base surgeons will greatly benefit from the collective knowledge and evidence-based injury avoidance strategies shared by authors who have learned to master the art of skull base surgery. 606 $aSkull Base$xsurgery 615 2$aSkull Base$xsurgery. 676 $a617.5/14 700 $aAbbritti$b Rosaria$4aut$4http://id.loc.gov/vocabulary/relators/aut$01536041 702 $aGardner$b Paul A$4edt$4http://id.loc.gov/vocabulary/relators/edt 702 $aSnyderman$b Carl H$4edt$4http://id.loc.gov/vocabulary/relators/edt 702 $aJankowitz$b Brian T$4edt$4http://id.loc.gov/vocabulary/relators/edt 702 $aAbou-Al-Shaar$b Hussam$4aut$4http://id.loc.gov/vocabulary/relators/aut 702 $aAlbuquerque$b Felipe C$4aut$4http://id.loc.gov/vocabulary/relators/aut 702 $aAl-Mefty$b Ossama$4aut$4http://id.loc.gov/vocabulary/relators/aut 702 $aAlmefty$b Rami O$4aut$4http://id.loc.gov/vocabulary/relators/aut 702 $aAnetakis$b Katherine$4aut$4http://id.loc.gov/vocabulary/relators/aut 702 $aBalzer$b Jeffrey R$4aut$4http://id.loc.gov/vocabulary/relators/aut 702 $aBambakidis$b Nicholas C$4aut$4http://id.loc.gov/vocabulary/relators/aut 702 $aBaranoski$b Jacob F$4aut$4http://id.loc.gov/vocabulary/relators/aut 702 $aBenjamin$b Carolina$4aut$4http://id.loc.gov/vocabulary/relators/aut 702 $aBernat$b Anne-Laure$4aut$4http://id.loc.gov/vocabulary/relators/aut 702 $aChampagne$b Pierre-Olivier$4aut$4http://id.loc.gov/vocabulary/relators/aut 702 $aChintapalli$b Ananth$4aut$4http://id.loc.gov/vocabulary/relators/aut 702 $aCouldwell$b William T$4aut$4http://id.loc.gov/vocabulary/relators/aut 702 $aCrammond$b Donald J$4aut$4http://id.loc.gov/vocabulary/relators/aut 702 $aDehdashti$b Amir R$4aut$4http://id.loc.gov/vocabulary/relators/aut 702 $aOliveira$b Matheus F. $4aut$4http://id.loc.gov/vocabulary/relators/aut 702 $aDodson$b Vincent$4aut$4http://id.loc.gov/vocabulary/relators/aut 702 $aDucruet$b Andrew F$4aut$4http://id.loc.gov/vocabulary/relators/aut 702 $aEloy$b Jean Anderson$4aut$4http://id.loc.gov/vocabulary/relators/aut 702 $aFernandez-Miranda$b Juan C$4aut$4http://id.loc.gov/vocabulary/relators/aut 702 $aFerreira$b Carla J.A$4aut$4http://id.loc.gov/vocabulary/relators/aut 702 $aFroelich$b Sébastien$4aut$4http://id.loc.gov/vocabulary/relators/aut 702 $aGamboa$b Nicholas T$4aut$4http://id.loc.gov/vocabulary/relators/aut 702 $aGross$b Bradley A$4aut$4http://id.loc.gov/vocabulary/relators/aut 702 $aHsueh$b Wayne D$4aut$4http://id.loc.gov/vocabulary/relators/aut 702 $aHunt$b Becky$4aut$4http://id.loc.gov/vocabulary/relators/aut 702 $aKohli$b Gurkirat$4aut$4http://id.loc.gov/vocabulary/relators/aut 702 $aKwan$b Kevin$4aut$4http://id.loc.gov/vocabulary/relators/aut 702 $aLavigne$b Philippe$4aut$4http://id.loc.gov/vocabulary/relators/aut 702 $aLiu$b James K$4aut$4http://id.loc.gov/vocabulary/relators/aut 702 $aMajmundar$b Neil$4aut$4http://id.loc.gov/vocabulary/relators/aut 702 $aMangussi-Gomes$b João$4aut$4http://id.loc.gov/vocabulary/relators/aut 702 $aMcDowell$b Michael M$4aut$4http://id.loc.gov/vocabulary/relators/aut 702 $aMooney$b Michael A$4aut$4http://id.loc.gov/vocabulary/relators/aut 702 $aNanda$b Anil$4aut$4http://id.loc.gov/vocabulary/relators/aut 702 $aNarayan$b Vinayak$4aut$4http://id.loc.gov/vocabulary/relators/aut 702 $aNoda$b Kosumo$4aut$4http://id.loc.gov/vocabulary/relators/aut 702 $aNuñez$b Maximiliano A$4aut$4http://id.loc.gov/vocabulary/relators/aut 702 $aPatel$b Aneek$4aut$4http://id.loc.gov/vocabulary/relators/aut 702 $aPasseri$b Thibault$4aut$4http://id.loc.gov/vocabulary/relators/aut 702 $aPenn$b David L$4aut$4http://id.loc.gov/vocabulary/relators/aut 702 $aPeto$b Ivo$4aut$4http://id.loc.gov/vocabulary/relators/aut 702 $aPolster$b Sean P$4aut$4http://id.loc.gov/vocabulary/relators/aut 702 $aPrasad Rao$b Sampath Chandra$4aut$4http://id.loc.gov/vocabulary/relators/aut 702 $aPrzybylowski$b Colin J$4aut$4http://id.loc.gov/vocabulary/relators/aut 702 $aQazi$b Zeeshan$4aut$4http://id.loc.gov/vocabulary/relators/aut 702 $aRenowden$b Shelley$4aut$4http://id.loc.gov/vocabulary/relators/aut 702 $aRosa$b Joao Alves$4aut$4http://id.loc.gov/vocabulary/relators/aut 702 $aSchneider$b Julia R$4aut$4http://id.loc.gov/vocabulary/relators/aut 702 $aSekhar$b Laligam N$4aut$4http://id.loc.gov/vocabulary/relators/aut 702 $aSen$b Chandranath$4aut$4http://id.loc.gov/vocabulary/relators/aut 702 $aStamm$b Aldo C$4aut$4http://id.loc.gov/vocabulary/relators/aut 702 $aTanikawa$b Rokuya$4aut$4http://id.loc.gov/vocabulary/relators/aut 702 $aThirumala$b Parthasarathy D$4aut$4http://id.loc.gov/vocabulary/relators/aut 702 $aTonetti$b Daniel A$4aut$4http://id.loc.gov/vocabulary/relators/aut 702 $aValentine$b Rowan$4aut$4http://id.loc.gov/vocabulary/relators/aut 702 $aKeulen$b Marte $4aut$4http://id.loc.gov/vocabulary/relators/aut 702 $aVellimana$b Ananth K$4aut$4http://id.loc.gov/vocabulary/relators/aut 702 $aVellutini$b Eduardo A.S$4aut$4http://id.loc.gov/vocabulary/relators/aut 702 $aVoormolen$b Eduard$4aut$4http://id.loc.gov/vocabulary/relators/aut 702 $aWang$b Eric W$4aut$4http://id.loc.gov/vocabulary/relators/aut 702 $aWormald$b Peter-John$4aut$4http://id.loc.gov/vocabulary/relators/aut 702 $aZenonos$b Georgios A$4aut$4http://id.loc.gov/vocabulary/relators/aut 801 0$bDE-2912 906 $aBOOK 912 $a9910795103903321 996 $aVascular Challenges in Skull Base Surgery$93784496 997 $aUNINA